| 000 | 01055nam a22002897a 4500 | ||
|---|---|---|---|
| 001 | 8318 | ||
| 003 | FISKH | ||
| 005 | 20250909085956.0 | ||
| 008 | 250909b cb ||||| |||| 00| 0 eng d | ||
| 020 | _a9780064434287 | ||
| 040 |
_aFISKH _beng _cFISKH _dFISKH |
||
| 050 | _aND237.L29 A4 | ||
| 082 | _a759.13 | ||
| 100 |
_aLawrence, Jacob _d(1917–2000) |
||
| 245 |
_aThe great migration / _cAn American story paintings by Jacob Lawrence with a poem in appreciation by Walter Dean Myers |
||
| 250 | _aThis edition first published in 1995 | ||
| 260 |
_aNew York : _bHarperTrophy, _c1993 |
||
| 300 |
_a60 pages : _bcolor illustrations ; _c23 cm |
||
| 505 | _aZ | ||
| 520 | _aA series of paintings chronicles the journey of African Americans who, like the artist's family, left the rural South in the early twentieth century to find a better life in the industrial North. | ||
| 521 | 8 |
_a1040
_bLexile |
|
| 521 | 8 |
_aZ
_bRaz-Plus |
|
| 650 |
_2American South _aChildren |
||
| 650 |
_2Migration _aRacism |
||
| 942 |
_2ddc _cBK _n0 |
||
| 999 |
_c8318 _d8318 |
||